| 000 | 00345nam a2200133Ia 4500 | ||
|---|---|---|---|
| 999 |
_c3065 _d3065 |
||
| 008 | 200103s 2007 ||||xx |||||||||||||| ||und|| | ||
| 082 |
_a629.13 _bPAN |
||
| 100 | _aPanda, S. | ||
| 245 | 0 | _aPrinciples and Practices of Navigation | |
| 250 | _a2nd Ed. | ||
| 260 |
_bBhandarkar Pubhications _c2007 _aMumbai |
||
| 300 | _a372p. | ||
| 942 | _cBK | ||